| 000 | 00774nam a22002177a 4500 | ||
|---|---|---|---|
| 003 | 0 | ||
| 005 | 20250115153803.0 | ||
| 008 | 250115b xxu||||| |||| 00| 0 eng d | ||
| 020 | _a978-1-350-24847-2 | ||
| 050 |
_aN 7433.7 _b.Ac78 2024 |
||
| 245 |
_aArt, observation, and an anthropology of illustration _cedited by Max Carocci and Stephanie Pratt |
||
| 260 |
_aLondon _bBloomsburry Publishing _c2024 |
||
| 300 |
_axii, 230 pages : _bcolored illustrations and pictures ; _c24cm. |
||
| 504 | _aIncludes bibliographical references and index. | ||
| 650 | _aArt and anthropology. | ||
| 650 | _aIllustration—Social aspects. | ||
| 650 | _aObservation (Philosophy) in art. | ||
| 650 | _aVisual anthropology. | ||
| 650 | _aEthnographic illustration. | ||
| 942 |
_2lcc _cBK |
||
| 999 |
_c366986 _d366986 |
||